Prepojenie TV vysielania a sociálnych sietí

Saved in:
Bibliographic Details
Main Author: Sabol, Róbert, 1991- (Author)
Other Authors: Kotuliak, Ivan, 1974- (Thesis advisor)
Format: Manuscript Book
Language:Slovak
Published: Bratislava : STU v Bratislave FIIT, 2013
Subjects:
Online Access:VAIS
Tags: Add Tag
No Tags, Be the first to tag this record!

MARC

LEADER 00000ntm a22000003a 4500
001 stu275788
005 20150617230239.8
008 131005s2013----xo------------------slo-d
040 |a STU  |b slo 
041 0 |a slo 
044 |a xo 
100 1 |a Sabol, Róbert,  |d 1991-  |4 aut  |u I100  |U FIIT Fakulta informatiky a informačných technológií  |T FIIT Ústav počítačových systémov a sietí  |X 5744  |U I100  |Y 178  |7 A000005744 
242 0 0 |a The connection between TV broadcast and social networks  |y eng 
245 1 |a Prepojenie TV vysielania a sociálnych sietí 
260 |a Bratislava :  |b STU v Bratislave FIIT,  |c 2013 
300 |a 53 s  |c príl. 
650 7 |a informatika  |2 stusub 
650 7 |a Informatics  |2 estusub 
650 7 |a sociálna sieť  |2 stusub 
700 1 |a Kotuliak, Ivan,  |d 1974-  |4 ths  |u I100  |U FIIT Fakulta informatiky a informačných technológií  |T FIIT Ústav počítačových systémov a sietí  |X 1883  |U I100  |Y 178  |7 1883 
856 4 |a info a plný text  |u http://is.stuba.sk/zp/portal_zp.pl?podrobnosti=77748  |3 VAIS 
996 |b IBAP72/13  |c I*BAP72/13  |l II680  |s A  |a 24  |w stu275788_0001